000 01066nam a2200253Ia 4500
003 Ost
005 20260507075359.0
008 260507s9999||||xx |||||||||||||| ||und||
020 _a6183299579
040 _cfsecg
041 _aara
082 _a330
100 _aالصرايرة، اسماعيل محمد
_eمؤلف
245 0 _aالتحليل الإستراتيجي في إعادة هندسة العمليات الإدارية /
_c اسماعيل محمد الصرايرة
260 _aعمان:
_bدار الحامد للنشر والتوزيع,
_c2012
300 _a125 صفحة؛
_bإيضاحات ؛
_c25 سم
504 _aالمراجع ص.119
520 _aخلفية الدراسة ومشكلتها ، الاطار النظري والدراسات السابقة ، المنهجية والتصميم ، عرض النتائج ومناقشتها والتوصيات
653 _aالإدارة
653 _aالإدارة العلمية
653 _aالإدارة الهندسية
653 _aتنظيم وإدارة
942 _cكتاب
999 _c44259
_d44259